000 00824nam a2200241Ia 4500
003 OSt
005 20220926030617.0
006 a|||||r|||| 00| 0
007 ta
008 220923b |||||||| |||| 00| 0 eng d
020 _a9780691168326
_c1992.0599999999999
037 _b7750, 22/03/2016, Efficient Book Distributors
_cGeneral Book
040 _aRTL
_cRTL
_beng
041 _2eng
_aeng
082 _aY9(Q7):3(T:7).56, Q6
100 _aGREEN Nile
245 0 _aLove of strangers
_b What six muslim students learned in Jane Austen's London
260 _aPrinceton
_bPrinceton University Press
_c2016
300 _axxi, 388p
_ccm.
650 _aSociology
942 _hY9(Q7):3(T:7).56, Q6
_cGB
_2CC
999 _c650326
_d650326